00274nam a2200109Ia 4500008004100000100002700041245003500068260002100103650001500124942000800139999001700147190216s9999||||xx |||||||||||||| ||und|| aPrasishikarana Samithi 0aMalayalam Churukezhuthu Manual bVidyarthimithram aReferences cREF c35849d35849